Wreck-it ralph [

General viewing for all ages (U)

Bibliographic Details
Main Author: Moore, Rich
Format: Book
Published: s.l. : Walt Disney Animation , 20-
Subjects:

MARC

LEADER 00000cam a2200000 7i4500
001 0000176830
005 20130523.0
090 0 0 |a F   |b WRE 
100 1 |a Moore, Rich 
245 0 0 |a Wreck-it ralph [  |h digital video disc]   |c Rich Moore 
260 |a s.l. :   |b Walt Disney Animation ,   |c 20- 
300 |a 1 digital video disc (101 minutes) :   |b col 
500 |a Library has 2 copies 
520 0 |a General viewing for all ages (U) 
650 0 0 |a Movies, Animation 
650 0 0 |a Movies, English 
999 |a AV 31619   |b DIGITAL VIDEO DISC   |c PINJAMAN   |e PERPUSTAKAAN KOMUNITI PETALING JAYA 
999 |a AV 31620   |b DIGITAL VIDEO DISC   |c PINJAMAN   |e PERPUSTAKAAN KOMUNITI PETALING JAYA